| 000 | 00945pam a2200253 a 4500 | ||
|---|---|---|---|
| 001 | 1183572 | ||
| 005 | 20250122120736.0 | ||
| 008 | 971212s1998 mdu b 001 0 eng c | ||
| 020 | _a9780801858444 | ||
| 050 | 0 | 0 |
_aR834 _b.C87 1998 |
| 082 | 0 | 0 |
_a610/.71/173 _221 |
| 245 | 0 | 0 |
_aCurriculum development for medical education : _ba six step approach / _cDavid E. Kern ... [et al.]. |
| 260 |
_aBaltimore : _bJohns Hopkins University Press, _cc1998. |
||
| 300 |
_a178 p. ; _c25 cm. |
||
| 650 | 0 | _aCurriculum planning. | |
| 650 | 0 |
_aMedical education _xCurricula _zUnited States. |
|
| 650 | 0 |
_aMedicine _xStudy and teaching. |
|
| 650 | 1 | 2 | _aCurriculum. |
| 650 | 1 | 2 |
_aEducation, Medical _xmethods. |
| 700 | 1 | _aKern, David E. | |
| 856 | 4 | 2 |
_3Contributor biographical information _uhttp://www.loc.gov/catdir/bios/jhu051/97051745.html |
| 856 | 4 | 2 |
_3Publisher description _uhttp://www.loc.gov/catdir/description/jhu052/97051745.html |
| 942 |
_2lcc _cBK _n0 |
||
| 999 |
_c2785 _d2785 |
||